书目信息 |
| 题名: |
口腔科临床便览
|
|
| 作者: | 温镜盖 | |
| 分册: | ||
| 出版信息: | 兰州 甘肃民族出版社 1991.06 |
|
| 页数: | 102页 | |
| 开本: | 16开 | |
| 丛书名: | ||
| 单 册: | ||
| 中图分类: | R78-62 | |
| 科图分类: | ||
| 主题词: | 口腔科学 | |
| 电子资源: | ||
| ISBN: | 7-5421-0075-0 | |
| 000 | 00524nam0 2200181 45 | |
| 001 | 9911301546 | |
| 005 | 19991130153334.2 | |
| 010 | @a7-5421-0075-0@d2.80 | |
| 100 | @a19991130d1991 km y0chiy0120 ea | |
| 101 | @achi | |
| 105 | @a z 000yy | |
| 200 | 1 | @a口腔科临床便览@AKou Qiang Ke Lin Chuang Bian Lan@f温镜盖@FWen Jing Gai |
| 210 | @a兰州@c甘肃民族出版社@d1991.06 | |
| 215 | @a102页@c无图表@d16开 | |
| 606 | 0 | @a口腔科学 |
| 690 | @aR78-62@v3 | |
| 801 | @aCN@bPerfectUser@c19991130 | |
| 905 | @aBZT@b41232-233@f2@dR78-62@e2 | |
| 口腔科临床便览/温镜盖.-兰州:甘肃民族出版社,1991.06 |
| 102页:无图表;16开 |
| ISBN 7-5421-0075-0:2.80 |
| ● |
| 相关链接 |
|
|
|
正题名:口腔科临床便览
索取号:R78-62/2
 
预约/预借
| 序号 | 登录号 | 条形码 | 馆藏地/架位号 | 状态 | 备注 |
| 1 | 41232 | 200606228 | 中心书库中库/ 中库014架B面6列3层56/ [索取号:R78-62/2] | 在馆 | |
| 2 | 41233 | 200386420 | 中心书库中库/ 中库014架A面3列5层1/ [索取号:R78-62/2] | 在馆 |